El nazismo, 1933-1945

সংরক্ষণ করুন:
গ্রন্থ-পঞ্জীর বিবরন
প্রধান লেখক: Hofer, Walther (Author)
বিন্যাস: গ্রন্থ
ভাষা:স্প্যানিশ
প্রকাশিত: Ciudad de México Diana 1963
সংস্করন:1a. ed
বিষয়গুলি:
ট্যাগগুলো: ট্যাগ যুক্ত করুন
কোনো ট্যাগ নেই, প্রথমজন হিসাবে ট্যাগ করুন!

MARC

LEADER 00000nam a2200000 a 4500
001 UCG1104
003 CL-VaPUC
008 100422e19630000MX |||||||||||||||||spa|d
082 0 4 |a 320.533  |b HOF  |2 21 
100 0 |a Hofer, Walther  |e author  |9 548868 
245 1 3 |a El nazismo, 1933-1945 
250 |a 1a. ed 
300 |a 391 p 
942 |c BK 
945 |d 20100422 00:00:00  |a rbrito 
260 |a Ciudad de México  |b Diana  |c 1963 
600 0 7 |a HITLER, ADOLF  |2 CL-VaPUC  |9 314510 
650 0 |a Nazismo   |9 347078 
650 7 |a SISTEMAS POLITICOS  |2 CL-VaPUC  |9 548869 
650 0 |a Política  |9 255312 
650 7 |a NACIONAL SOCIALISMO  |2 CL-VaPUC  |9 391864 
650 0 |a Campos de concentración  |9 344322 
650 0 |a Judíos  |9 313771 
650 7 |a PERSECUSIONES POLITICAS  |2 CL-VaPUC  |9 511865 
651 0 |a Alemania  |9 255688 
583 |a last modification  |c 20100422 00:00:00  |k Rodrigo Vera 
999 |c 340556  |d 340554 
952 |0 0  |1 0  |4 0  |6 320_533000000000000_HOF_1963  |7 0  |8 A  |9 435378  |a BIBHIS  |b BIBHIS  |d 2019-11-22  |i 4664477  |o 320.533 HOF 1963  |p 4664477  |r 2025-01-20  |w 2019-11-22  |y BK  |k HIS